000 00604nam a2200193 4500
003 LK-CoMWRAF
005 20231024124246.0
008 230821b2004 |||||||| |||| 00| 0 eng d
020 _a955899801x
040 _aLK-CoMWRAF
_dLK-CoMWRAF
_eLK-CoMWRAF
041 _aeng
082 _a339.5
_bARU
100 _aArudpragasam, A. R.
245 _aMonetary exploitation:
_bthe nature of its predisposition and an agenda for its peaceful eradication
260 _aTrincomalee:
_bKaruna Global Sustainability Publications,
_c2004
300 _a viii, 247 p. ; 23 cm.
650 _aMONETARY POLICY
942 _cBK
999 _c3242
_d3242